ბათუმის შოთა რუსთაველის სახელმწიფო უნივერსიტეტის ბიბლიოთეკა

ორგანული ქიმიის პრაქტიკუმი (ბიბ.ჩანაწერი № 44531)

000 -LEADER
fixed length control field 00714nam a2200217Ia 4500
001 - CONTROL NUMBER
control field 11334
003 - CONTROL NUMBER IDENTIFIER
control field GE_BSU
008 - FIXED-LENGTH DATA ELEMENTS--GENERAL INFORMATION
fixed length control field 181216s||||||||xx |||||||||||||| ||und||
040 ## - CATALOGING SOURCE
Transcribing agency GE_BSU
080 ## - UNIVERSAL DECIMAL CLASSIFICATION NUMBER
Universal Decimal Classification number 547(076.5)
100 ## - MAIN ENTRY--PERSONAL NAME
Personal name გიოშვილი ვ.
245 ## - TITLE STATEMENT
Title ორგანული ქიმიის პრაქტიკუმი
245 ## - TITLE STATEMENT
Statement of responsibility, etc. რედ: ბ.ს. კანდელაკი
260 ## - PUBLICATION, DISTRIBUTION, ETC.
Place of publication, distribution, etc. თბილისი
260 ## - PUBLICATION, DISTRIBUTION, ETC.
Name of publisher, distributor, etc. ტექნიკა და შრომა
260 ## - PUBLICATION, DISTRIBUTION, ETC.
Date of publication, distribution, etc. 1951
300 ## - PHYSICAL DESCRIPTION
Extent 130გვ.21სმ.
300 ## - PHYSICAL DESCRIPTION
Accompanying material ცხრილები გვ.120
653 ## - INDEX TERM--UNCONTROLLED
Uncontrolled term ორგანული ქიმიის პრაქტიკუმი
942 ## - ADDED ENTRY ELEMENTS (KOHA)
Koha item type წიგნი
ეგზემპლარები
Withdrawn status Lost status Damaged status Not for loan Date acquired Barcode Date last seen Price effective from Koha item type
        2018-12-17 19635 2018-12-17 2018-12-17 წიგნი